000
00436nam a22001217a 4500
008
160421b xxu||||| |||| 00| 0 eng d
020
_a
9780781737609
020
_a
9780781737609
041
_a
eng
080
_a
618.2
245
_a
Nutrition diagnosis related care;
_c
Sylvia Escott Stump;
942
_2
udc
_c
BK
999
_c
1491
_d
1491